Fr. Conceicao Rodrigues College of Engineering

JBM PC local area network program (Record no. 27819)

MARC details
000 -LEADER
fixed length control field 00319nam a2200133Ia 4500
082 ## - DEWEY DECIMAL CLASSIFICATION NUMBER
Classification number 1.644044
Item number IBM
100 ## - MAIN ENTRY--PERSONAL NAME
Personal name IBM PC...
245 ## - TITLE STATEMENT
Title JBM PC local area network program
260 ## - PUBLICATION, DISTRIBUTION, ETC.
Name of publisher, distributor, etc. International business machines co
Place of publication, distribution, etc. Texes
Date of publication, distribution, etc. 1987
546 ## - LANGUAGE NOTE
Language note ENGLISH
654 ## - SUBJECT ADDED ENTRY--FACETED TOPICAL TERMS
Focus term network program
942 ## - ADDED ENTRY ELEMENTS (KOHA)
Koha item type BOOK
Holdings
Withdrawn status Lost status Damaged status Not for loan Collection Home library Current library Shelving location Date acquired Source of acquisition Cost, normal purchase price Inventory number Total Checkouts Full call number Barcode Date last seen Cost, replacement price Price effective from Koha item type
        CRC Fr. Agnel's C.Rodrigues College of Engineering Fr. Agnel's C.Rodrigues College of Engineering   17/03/2023 Progressive Books 357.50 B91129   1.644044 IBM 3385 17/03/2023 357.50 17/03/2023 BOOK